000 00839nam a2200217 i 4500
001 bg
100 1 _aWOŚ, Augustyn
245 1 0 _aRolnictwo polskie wobec procesów globalnych w gospodarce /
_cAugustyn Woś.
260 _aWarszawa :
_bIERiGŻ,
_c2001.
300 _a71, [1] s. ;
_c24 cm.
490 1 _aStudia i Monografie / Instytut Ekonomiki Rolnictwa i Gospodarki Żywnościowej,
_x0239-7102 ;
_v105
504 _aBibliogr.
650 9 _aRolnictwo
_xpolityka
_zPolska
_yod 1989 r.
830 0 _aStudia i Monografie (Instytut Ekonomiki Rolnictwa i Gospodarki Żywnościowej) ;
_v105
040 _cBPK
041 0 _apl
080 _a338.43(438)"1989/..."
942 _cKS
008 s pl f |000 0 pol
999 _c35684
_d35684
856 _uhttp://koha.tu.koszalin.pl/cgi-bin/koha/opac-detail.pl?biblionumber=35684
_yKatalog online BPK